000 01614nam a22004333a 4500
001 20416
003 VRT
005 20260122123318.0
008 140715s2013 xo a g n 000 0 slo d
020 _a9788085148794 (viaz.)
035 _aa000511064
039 9 _a202001221959
_bAUTHORITY
_c201409251226
_dzima
_c201409101015
_dpechova
040 _aUKB
_bslo
_cUKB
_eAACR2
041 1 _aslo
_apol
044 _axo
_cSK
072 7 _a27
_xKresťanstvo. Kresťanská cirkev všeobecne. Ekleziológia
_2konspekt
080 _a272-732.2-051
_22001
080 _a(0:82-84)
_22001
100 0 _aJán Pavol
_bII.,
_cpápež,
_d1920-2005
245 1 0 _aMyšlienky bl. Jána Pavla II.
_c[zostavovateľ Peter Kubica ; ilustrácie Stano Lajda ; preklad Eva Vlčková]
246 1 1 _aMyśli bl. Jana Pawła II.
260 _aŽilina
_bKrajská knižnica v Žiline
_c2013
300 _a120 s.
_bil.
500 _aV rámci proj. Duchaplný cestopis po stopách Jána Pavla II. v našich regiónoch, kód proj. PL-SK/ZA/IPP/III/149, vyd. v spolupr. s Książnicou Beskidzkou
504 _aBibliogr. odkazy
546 _aParal. tit. a text poľ.
600 1 7 _aJán Pavol
_bII.,
_cpápež,
_d1920-2005
_2UKBPH
650 0 7 _apápeži
_y20.-21. stor.
_2UKBPH
653 _a272-732.2-051
653 _a(0:82-84)
655 7 _acitáty
_2UKBPH
700 1 _aKubica, Peter,
_d1976-
_4com
700 1 _aLajda, Stanislav,
_d1959-
_4ill
700 1 _aVlčková, Eva
_4trl
910 _aukb
942 _2ddc
_cOLDO
_n0
949 _61800621877
_aSL.G.10713
_bPV.8229-2014
949 _61800621878
_aSK.G.07171
_bPV.8230-2014
_s6707:20141002
999 _c20416
_d20416